| 000 | 01051nam a22003017a 4500 | ||
|---|---|---|---|
| 001 | 2937 | ||
| 003 | FISKH | ||
| 005 | 20250131104322.0 | ||
| 008 | 240124b cb ||||| |||| 00| 0 eng d | ||
| 020 | _a9780545110105 | ||
| 040 |
_aFISKH _beng _cFISKH _dFISKH |
||
| 050 | _aPZ7.L1586 | ||
| 082 | _a813.54 | ||
| 100 | _aLakin, Patricia | ||
| 245 |
_aMax & Mo go apple picking / _cBy Patricia Lakin ; Illustrated by Brian Floca |
||
| 250 | _aFirst Scholastic printing, September 2008 | ||
| 260 |
_aNew York : _bScholastic, _c2007 |
||
| 300 |
_a32 pages : _bcolor illustrations ; _c23 cm |
||
| 490 |
_aReady to read : _vLevel 1 |
||
| 505 | _aC | ||
| 520 | _aMax and Mo, the class hamsters, have fun after the students return from picking apples, in a story that includes instructions for making apple prints and a recipe for applesauce. | ||
| 521 | 8 |
_a240
_bLexile |
|
| 521 | 8 |
_aC
_bRaz-Plus |
|
| 650 |
_aApple _vFiction |
||
| 650 |
_aFall _vJuvenile Literature |
||
| 700 |
_aBrian Floca _eIllustrator |
||
| 942 |
_2ddc _cBK _n0 |
||
| 999 |
_c2937 _d2937 |
||